| 000 | 00501nam a2200157Ia 4500 | ||
|---|---|---|---|
| 008 | 170221s9999 xx 000 0 und d | ||
| 100 | _aJong-Hyuok Jung | ||
| 245 | _aSmart Choice: Smartphone Users’ Intentions to Accept Mobile Advertising | ||
| 245 | _cJong-Hyuok Jung, Yongjun Sung, Wei-Na Lee | ||
| 260 | _bOnline Journal of Communication and Media Technologies | ||
| 260 | _c2013 | ||
| 300 | _a3 : 2 | ||
| 650 | _xCommunication | ||
| 650 | _xMedia Arts | ||
| 856 | _uhttp://www.ojcmt.net/ | ||
| 999 |
_c307271 _d307271 |
||